000 00533nam a2200193Ia 4500
005 20250326143550.0
008 250326s9999 xx 000 0 und d
020 _a81-7881-350-5
037 _aTextbook
040 _aFMSL
_beng
_cFMSL
041 _aeng
_2eng
084 _aX:51 P4
_qFMSL
100 _aLindgreen A
_9748208
245 0 _aRelationship marketing
_cLindgreen A; Chaturvedi B M
260 _aIndia
_bIndia, ICFAI University
_c2004
300 _a190p
942 _cTB
_hX:51 P4
999 _c1300102
_d1300102